000 00674nam a2200205 i 4500
001 128873
003 ES-MaACL
005 20230906193359.0
007 t|
008 070529s1962 sp ||||1| spa d
080 _a914.642 T.(026)
080 _a7(464.2 T.)(026)
100 1 _aTéllez González, Guillermo.
_9109641
245 1 0 _aToledo es así /
_ctexto de Guillermo Téllez ; fotografías de Rodríguez, fotoestudio, foto Flores y Díaz del Viso.
260 _aToledo :
_bGómez Menor,
_c1962.
300 _a111 p. :
_bil. ;
_c20 cm.
700 1 _aRodríguez (fotógrafo)
_998527
852 _aES-MaACL
_jC-22383
_bR.50653
852 _aES-MaACL
_jC-22218
_bR.50569
999 _c128873
_d128873